000 00830cam a2200265 a 4500
001 333
003 BR-CuiBMT
005 20231121202301.0
008 231030s2017 mgb 000 0 por d
020 _a9788545002116
040 _aBR-CuiBMT
_cBR-CuiBMT
080 _22007
_a347.9
_x(81)
090 _a347.9(81)
_bM183f
100 1 _aMadureira, Claudio
245 1 0 _aFundamentos do novo processo civil brasileiro :
_bo processo civil do formalismo-valorativo /
_cClaudio Madureira.
260 _aBelo Horizonte :
_bFórum,
_c2017.
300 _a290 p. ;
_c21 cm
490 1 _aColeção Fórum ANAPE ;
_vv. 2
504 _aInclui bibliografia.
650 _aDireito processual civil
_zBrasil
650 _aProcesso civil
_zBrasil
650 _aCódigo de processo civil
_zBrasil
830 0 _aFórum ANAPE ;
_v2
942 _2udc
_cLV
999 _c333
_d333